Etap 2 - Azja + Oceania - Statystyki

Ogólne statystyki
  • Ten quiz został rozwiązany 40 razy
    33 od ostatniego zresetowania
  • Średni wynik to 46 z 56
Statystyki odpowiedzi
Obrazkowy Odpowiedź % Poprawnych
Indonezja
100%
Japonia
100%
Katar
100%
Australia
91%
Bhutan
91%
Brunei
91%
Filipiny
91%
Jemen
91%
Kiribati
91%
Korea Pólnocna
91%
Liban
91%
Malediwy
91%
Malezja
91%
Mikronezja
91%
Mjanma
91%
Mongolia
91%
Singapur
91%
Sri Lanka
91%
Tajlandia
91%
Afganistan
82%
Bahrajn
82%
Chiny
82%
Fidżi
82%
Indie
82%
Irak
82%
Iran
82%
Izrael
82%
Kambodża
82%
Kazachstan
82%
Kirgistan
82%
Korea Południowa
82%
Nauru
82%
Nowa Zelandia
82%
Oman
82%
Pakistan
82%
Palau
82%
Papua-Nowa Gwinea
82%
Syria
82%
Timor Wschodni
82%
Turkmenistan
82%
Uzbekistan
82%
Vanuatu
82%
Wietnam
82%
Wyspy Salomona
82%
Arabia Saudyjska
73%
Bangladesz
73%
Jordania
73%
Laos
73%
Nepal
73%
Tadzykistan
73%
Tonga
73%
Tuvalu
73%
Wyspy Marshalla
73%
Zjednoczone Emiraty Arabskie
73%
Samoa
64%
Kuweit
36%
Nie znaleziono quizów pasujących do podanych kryteriów
Rozkład punktacji
Procent ludzi z każdym wynikiem
Percentyl według liczby udzielonych odpowiedzi
Twoja historia wyników
Nie rozwiązałeś tego quizu od ostatniego zresetowania